|
|
|
|
| LEADER |
01067nam a2200337 4500 |
| 001 |
DLU090093867 |
| 005 |
##20091201 |
| 040 |
# |
# |
|a DLU
|b eng
|
| 041 |
# |
# |
|a eng
|
| 044 |
# |
# |
|a us
|
| 100 |
# |
# |
|a Smith, Richard A.
|
| 245 |
# |
# |
|a Natural background concentrations of nutrients in streams and rivers of the conterminous United States /
|c Richard A. Smith, Richard B. Alexander, Gregory E. Schwarz.
|
| 653 |
# |
# |
|a Drainage patterns
|
| 653 |
# |
# |
|a Hydrochemistry
|
| 653 |
# |
# |
|a Nitrogen
|
| 653 |
# |
# |
|a Nutrients
|
| 653 |
# |
# |
|a Regression analysis
|
| 653 |
# |
# |
|a Water quality
|
| 653 |
# |
# |
|a Water resource management
|
| 700 |
# |
# |
|a Alexander, Richard B.
|
| 700 |
# |
# |
|a Schwarz, Gregory E.
|
| 773 |
# |
# |
|t Environmental Science & Technology
|g Vol. 37, no. 14 (July 2003), p. 3039-3047
|
| 920 |
# |
# |
|a Phòng Tạp chí -- Trung tâm Thông tin - Thư viện Trường Đại học Đà Lạt
|
| 994 |
# |
# |
|a DLU
|
| 900 |
# |
# |
|a True
|
| 911 |
# |
# |
|a Trương Bảo Trâm Anh
|
| 925 |
# |
# |
|a G
|
| 926 |
# |
# |
|a A
|
| 927 |
# |
# |
|a BB
|
| 980 |
# |
# |
|a Thư viện Trường Đại học Đà Lạt
|